| 000 | 00528nam a2200205 a 4500 | ||
|---|---|---|---|
| 001 | BRCA_6940 | ||
| 005 | 20190320205642.0 | ||
| 008 | 171111s1918----gw-#######---#000-0#ger-# | ||
| 041 | _ager | ||
| 044 | _agw | ||
| 050 | 4 |
_aDS413 _b.B65 1918 |
|
| 100 | 1 |
_aBonsels, Waldemar _917293 |
|
| 245 | 1 | 0 |
_aIndienfahrt _cvon Waldemar Bonsels |
| 260 |
_aFrankfurt, Alemania _bRütten & Loening _c1918 |
||
| 300 |
_a259 p. _c22 cm. |
||
| 500 | _aO166 | ||
| 651 | 4 |
_aIndia _xDescripción y viajes _917294 |
|
| 902 | _aGFM | ||
| 942 |
_2lcc _cB |
||
| 999 |
_c6622 _d6622 |
||